| 000 | 00585nam a2200193 i 4500 | ||
|---|---|---|---|
| 001 | 81163 | ||
| 003 | ES-MaACL | ||
| 005 | 20230906174400.0 | ||
| 007 | t| | ||
| 008 | 041103s1981 sp ||||1| spa d | ||
| 245 | 0 | 0 |
_aSuplemento como homenaje a Odysseas Elytis _b: Cuadernos de Poesía Nueva. |
| 260 |
_aMadrid : _b[s.n., _c1981] |
||
| 300 |
_a12 h. ; _c21 cm. |
||
| 490 | 1 | _aTaller Prometeo de Poesía Nueva | |
| 740 | 0 | _aCuadernos de Poesía Nueva. | |
| 830 | 0 |
_aTaller Prometeo de Poesía Nueva _9231522 |
|
| 852 |
_aES-MaACL _j2128-F-28 _bR.101189 |
||
| 999 |
_c81163 _d81163 |
||